000 00556nam a22001937a 4500
005 20251108165020.0
008 250721s1947 xx 000 0 ara d
082 1 4 _a926.087/ادي
100 1 _aفوردي، هنري
245 1 0 _aصديقي المستر اديسون /
264 1 _aالقاهرة :
_bمطبعة مصر،
_c1947.
300 _a94ص : مص
650 1 7 _aالتراجم
650 1 7 _aالعلماء
700 1 _aكروثر، صمويل
700 1 _aباشا، علي إسلام
_eترجمة
942 _2ddc
_cBK
999 _c19938
_d19938